Statistics for Dog Breeds of the AKC - Working Group

Click here to take the quiz!

General Stats

  • This quiz has been taken 543 times
    (213 since last reset)
  • The average score is 16 of 31

Answer Stats

Working Group% Correct
Doberman Pinscher
78%
Rottweiler
74%
Great Dane
70%
Mastiff
70%
Siberian Husky
69%
Alaskan Malamute
65%
Saint Bernard
65%
Bullmastiff
63%
Bernese Mountain Dog
62%
Newfoundland
62%
Boxer
61%
Akita
57%
Great Pyrenees
54%
Anatolian Shepherd Dog
51%
Cane Corso
51%
Greater Swiss Mountain Dog
50%
Giant Schnauzer
43%
Samoyed
43%
Tibetan Mastiff
42%
Leonberger
40%
Standard Schnauzer
40%
Black Russian Terrier
38%
Komondor
38%
Kuvasz
38%
Neapolitan Mastiff
38%
Dogue de Bordeaux
37%
Dogo Argentino
36%
Boerboel
35%
German Pinscher
32%
Chinook
29%
Portuguese Water Dog
26%

Score Distribution

Percentile by Number Answered

Percent of People with Each Score

Your Score History

You have not taken this quiz since the last reset